00338nam a2200145Ia 4500003000400000005001700004008004000021040000700061041001200068082001300080100001700093245004100110260003300151300000800184OSt20240108153707.0210210b1965 xxu||||| |||| 00| 0 eng d cAL aEnglish a350 NIGP aNIGAM (S R). aPrinciples of public administration. aAllahabadbKitab mahalc1965 a376